000 01147nam a22003377a 4500
003 CHAP
005 20220329135554.0
008 971013s1985 mx a r 00010 d
010 _a38704
011 _a39676
035 _a43801
040 _cCHAP
090 _aTesis
100 0 0 _aEspinosa Calderón, Alejandro.
_937899
245 1 _aAdaptabilidad, productividad y calidad de líneas e híbridos de maíz (Zea mays L.)
260 _aChapingo, Méx. :
_bEl autor,
_c1985
300 _a174 h. :
_bgráfs.
502 _aTesis (M. C. Esp. en Genética) -- Colegio de Postgraduados. Centro de Genética
590 _aALEPH
_b10
_c20130110
_lUCH01
_h1304
590 _aBATCH-UPD
_b10
_c20130110
_lUCH01
_h1722
590 _aBATCH-UPD
_b10
_c20130410
_lUCH01
_h1105
590 _aBATCH-UPD
_b10
_c20130914
_lUCH01
_h1751
590 _aCONVERSION
_b10
_c20130109
_lUCH01
_h1322
650 1 4 _aMaíz
_xHíbridos.
_970974
650 1 4 _aMaíz
_xRendimiento.
_971051
650 1 4 _aMaíz
_xSemilla.
_971059
901 _aBK
942 _cFOLL
949 _aTesis
_bBC
_cTES
_d33724000982682
_eTS2
_fc.2
_h44851
_i43801
_si
949 _bBC
_cTES
_d-100161
_eTS1
_i43801
_si
999 _c38704
_d38704